<?xml version="1.0" encoding="UTF-8"?>
<marc:record xmlns:marc="http://www.loc.gov/MARC21/slim">
   <marc:leader>00000nam a2200000 a 4500</marc:leader>
   <marc:datafield ind1="1" ind2=" " tag="100">
      <marc:subfield code="a">Nielsen, Maja</marc:subfield>
      <marc:subfield code="4">aut</marc:subfield>
      <marc:subfield code="e">Verfasser/-in</marc:subfield>
   </marc:datafield>
   <marc:datafield ind1=" " ind2=" " tag="653">
      <marc:subfield code="a">Antolin</marc:subfield>
   </marc:datafield>
   <marc:datafield ind1=" " ind2=" " tag="653">
      <marc:subfield code="a">Klasse-4</marc:subfield>
   </marc:datafield>
   <marc:datafield ind1="0" ind2="0" tag="245">
      <marc:subfield code="a">Titanic</marc:subfield>
   </marc:datafield>
   <marc:datafield ind1="0" ind2="0" tag="245">
      <marc:subfield code="b">das berühmteste Schiff der Welt</marc:subfield>
   </marc:datafield>
   <marc:datafield ind1=" " ind2="1" tag="264">
      <marc:subfield code="b">Gerstenberg</marc:subfield>
      <marc:subfield code="c">2026</marc:subfield>
   </marc:datafield>
   <marc:datafield ind1="1" ind2=" " tag="520">
      <marc:subfield code="a">Es ist der 14. April 1912. Die Titanic gleitet in schneller Fahrt durch die eiskalte See. Der Luxusliner, der sich auf seiner Jungfernfahrt nach New York befindet, gilt als unsinkbar. Doch in dieser Nacht kommt es zur wohl berühmtesten Katastrophe in der Geschichte der Seefahrt. Welche dramatischen Umstände führten zum Untergang der Titanic? Wer waren die Menschen an Bord? Packend erzählt Maja Nielsen, wie der 2. Offizier Charles Lightoller in der Stunde der Not über sich selbst hinauswuchs. Und wie es gelang, das lang verschollene Wrack Jahrzehnte später am Grund des Atlantiks zu orten.Ab 10 J.</marc:subfield>
   </marc:datafield>
   <marc:datafield ind1=" " ind2=" " tag="020">
      <marc:subfield code="a">9783836963886</marc:subfield>
      <marc:subfield code="9">9783836963886</marc:subfield>
   </marc:datafield>
</marc:record>
